[Event "Gatwick e2e4 Major op"]
[Site "Gatwick"]
[Date "2013.10.29"]
[Round "6"]
[White "Campbell, Eoin S"]
[Black "Mumford, Robert"]
[Result "1-0"]
[WhiteElo "1836"]
[BlackElo "1605"]
[PlyCount "65"]
[EventDate "2013.10.26"]
[EventType "swiss"]
[EventRounds "9"]
[EventCountry "ENG"]
[SourceTitle "EXT 2015"]
[Source "ChessBase"]
[SourceDate "2014.11.20"]
[SourceVersion "1"]
[SourceVersionDate "2014.11.20"]
[SourceQuality "1"]

1. d4 d5 2. Nf3 Nf6 3. c4 e6 4. g3 Be7 5. Bg2 0-0 6. 0-0 c6 7. Qc2 Nbd7 8. Nbd2 b6 9. e4 dxe4 10. Nxe4 Bb7 11. Nxf6+ Nxf6 12. Rd1 Qc7 13. Bf4 Bd6 14. Bxd6 Qxd6 15. Ne5 Qc7 16. Rd2 Rac8 17. Rad1 Rfd8 18. h4 Kf8 19. g4 g6 20. g5 Nd7 21. f4 Nxe5 22. fxe5 c5 23. Bxb7 Qxb7 24. d5 exd5 25. cxd5 Qd7 26. e6 Qd6 27. Qc3 Qf4 28. Qh8+ Ke7 29. Qf6+ Qxf6 30. gxf6+ Kxf6 31. Rf1+ Ke7 32. Rxf7+ Ke8 33. d6 1-0

[Event "Gatwick e2e4 Major op"]
[Site "Gatwick"]
[Date "2013.10.26"]
[Round "1"]
[White "Bowman, Richard L"]
[Black "Mumford, Robert"]
[Result "1-0"]
[WhiteElo "1968"]
[BlackElo "1605"]
[PlyCount "57"]
[EventDate "2013.10.26"]
[EventType "swiss"]
[EventRounds "9"]
[EventCountry "ENG"]
[SourceTitle "EXT 2015"]
[Source "ChessBase"]
[SourceDate "2014.11.20"]
[SourceVersion "1"]
[SourceVersionDate "2014.11.20"]
[SourceQuality "1"]

1. d4 d5 2. e3 e6 3. Bd3 Nf6 4. Nd2 Be7 5. f4 c5 6. c3 cxd4 7. exd4 0-0 8. Qe2 a6 9. Ngf3 Nbd7 10. Ne5 Qc7 11. 0-0 b5 12. a3 Nb6 13. Rf3 Nc4 14. Rh3 g6 15. g4 Nd6 16. g5 Nh5 17. Rxh5 gxh5 18. Qxh5 f5 19. Ndf3 Bd8 20. Bd2 Ne4 21. Kh1 Bb7 22. Rg1 Qg7 23. Be1 Rc8 24. g6 h6 25. Nf7 Nf6 26. Nxh6+ Kh8 27. Nf7+ Kg8 28. Qh3 Bc7 29. Nh6+ 1-0

[Event "High Wycombe e2e4 Intermediate op 03"]
[Site "High Wycombe"]
[Date "2012.03.18"]
[Round "4"]
[White "Mumford, Robert"]
[Black "Nicosia, Vincenzo"]
[Result "0-1"]
[WhiteElo "1565"]
[BlackElo "1702"]
[PlyCount "64"]
[EventDate "2012.03.16"]
[EventType "swiss"]
[EventRounds "5"]
[EventCountry "ENG"]
[SourceTitle "EXT 2014"]
[Source "ChessBase"]
[SourceDate "2013.11.20"]
[SourceVersion "1"]
[SourceVersionDate "2013.11.20"]
[SourceQuality "1"]

1. e4 c5 2. Nf3 Nc6 3. d4 cxd4 4. Nxd4 g6 5. c4 Bg7 6. Be3 Nf6 7. Nc3 Ng4 8. Qxg4 Nxd4 9. Bd3 Ne6 10. 0-0 d6 11. Qe2 0-0 12. Rac1 Qa5 13. Nd5 Re8 14. b3 Nd4 15. Bxd4 Bxd4 16. Kh1 Bd7 17. h4 e6 18. Ne3 Bc6 19. Rc2 d5 20. h5 dxe4 21. hxg6 hxg6 22. Ng4 Qh5+ 23. Nh2 exd3 24. Qxd3 Rad8 25. Qg3 Be5 26. f4 Bb8 27. Kg1 Rd1 28. Rcf2 Red8 29. Ng4 Rxf1+ 30. Rxf1 Qc5+ 31. Kh1 Kg7 32. Qc3+ Qd4 0-1

[Event "High Wycombe e2e4 Intermediate op 03"]
[Site "High Wycombe"]
[Date "2012.03.17"]
[Round "2"]
[White "Mumford, Robert"]
[Black "Sandercock, E Barry"]
[Result "0-1"]
[WhiteElo "1565"]
[BlackElo "1790"]
[PlyCount "127"]
[EventDate "2012.03.16"]
[EventType "swiss"]
[EventRounds "5"]
[EventCountry "ENG"]
[SourceTitle "EXT 2014"]
[Source "ChessBase"]
[SourceDate "2013.11.20"]
[SourceVersion "1"]
[SourceVersionDate "2013.11.20"]
[SourceQuality "1"]

1. e4 c5 2. Nf3 d6 3. d4 cxd4 4. Nxd4 Nf6 5. Nc3 a6 6. Be2 Nc6 7. Be3 e6 8. Qd2 Be7 9. g4 Qc7 10. g5 Nd7 11. 0-0-0 Nce5 12. f4 Nc4 13. Bxc4 Qxc4 14. f5 e5 15. Nb3 b6 16. Nd5 Bd8 17. f6 g6 18. Ne7 Bc7 19. Qd5 Qxd5 20. Nxd5 Kd8 21. Nd2 b5 22. Nb1 Bb7 23. Nbc3 Ba5 24. b4 Bc7 25. Rd3 Bc6 26. Rhd1 a5 27. Nxc7 Kxc7 28. Rxd6 axb4 29. Rxd7+ Bxd7 30. Nd5+ Kb7 31. Nxb4 Be6 32. Kb1 Ra4 33. c3 Rc8 34. Kb2 Rca8 35. Rd6 Kc7 36. Bc5 Bc4 37. Rc6+ Kd7 38. Rd6+ Ke8 39. h4 Bxa2 40. Rb6 Be6 41. Rb7 Bd7 42. Bd6 R4a7 43. Rxa7 Rxa7 44. Bxe5 Bg4 45. Bd6 Rd7 46. e5 Rxd6 47. exd6 Kd7 48. Kc2 Kxd6 49. Kd3 Ke5 50. Ke3 Be6 51. Nc6+ Kd5 52. Nd8 Ke5 53. Nxe6 Kxe6 54. Ke4 Kd6 55. Kd4 Kc6 56. c4 bxc4 57. Kxc4 Kd6 58. Kd4 Ke6 59. Ke4 Kd6 60. Kf4 Kd5 61. Kg4 Ke5 62. h5 Ke4 63. h6 Ke5 64. Kg3 0-1